Australia 2019 Rugby World Cup Squad - Statistics

General Stats
  • This quiz has been taken 20 times
  • The average score is 19 of 31
Answer Stats
Position Player % Correct
Wing Adam Ashley-Cooper
92%
Fly-half Bernard Foley
85%
Prop James Slipper
85%
Back row Michael Hooper
85%
Prop Scott Sio
85%
Back row David Pocock
77%
Scrum-half Nic White
77%
Lock Rob Simmons
77%
Centre Samu Kerevi
77%
Scrum-half Will Genia
77%
Fullback Kurtley Beale
69%
Hooker Folau Fainga'a
62%
Wing Jordan Petaia
62%
Centre Tevita Kuridrani
62%
Prop Allan Alaalatoa
54%
Fullback Dane Haylett-Petty
54%
Lock Izack Rodda
54%
Centre James O'Connor
54%
Lock Rory Arnold
54%
Prop Sekope Kepu
54%
Prop Taniela Tupou
54%
Fly-half Christian Lealiifano
46%
Back row Isi Naisarani
46%
Hooker Jordan Uelese
46%
Back row Lukhan Salakaia-Loto
46%
Wing Marika Koroibete
46%
Centre Matt To'omua
46%
Wing Reece Hodge
46%
Hooker Tolu Latu
46%
Lock Adam Coleman
38%
Back row Jack Dempsey
31%
No matching quizzes found
Score Distribution
Percent of People with Each Score
Percentile by Number Answered
Your Score History
You have not taken this quiz